• 首页
  • 本馆介绍
  • 公告通知
  • 最新文献
  • 馆藏检索
  • 电子资源
  • 读者导购
  • 参考咨询
  • 我的图书馆
  • 登录
  • 详细信息显示
  • 放入我的书架
  • 预约/预借图书
  • 作者相关作品
  • 分类相关作品
  • 丛书相关作品
  • 出版社相关作品

书目信息

  • 表格格式
  • 工作单格式
  • 卡片格式
题名:
吴梅词学通论
    
 
作者: 吴梅 著
分册:  
出版信息: 长春   吉林人民出版社  2013
页数: 321页
开本: 24cm
丛书名:
单 册:
中图分类: I207.23 , J82
科图分类:
主题词: 词--文学研究--中国 , 戏曲--艺术--中国
电子资源:
ISBN: 978-7-206-08320-4
000 00879nam0 2200277 450
001 339700
005 20150608152648.10
010    @a978-7-206-08320-4@dCNY38.00
100    @a20130713d2013 em y0chiy50 ea
101 0  @achi
102    @aCN@b220000
105    @ay z 000yy
106    @ar
200 1  @a吴梅词学通论@Awu mei ci xue tong lun@Awu mei zhong guo xi qu gai lun@a吴梅中国戏曲概论@f吴梅著
210    @a长春@c吉林人民出版社@d2013
215    @a321页@d24cm
300    @a中国学术文化名著文库/胡维革主编
314    @a著者取自版权页
330    @a本书中《词学通论》内容包括论韵、论音律、作法等;《中国戏曲概论》包括原曲、制曲、度曲、元明清戏曲等。
606 0  @a词@x文学研究@y中国
606 0  @a戏曲@x艺术@y中国
690    @aI207.23@v5
690    @aJ82@v5
701  0 @a吴梅@Awu mei@f(188-1939)@4著
801  0 @aCN@b卓展宏图@c20150525
905    @dI207.23@e876@f4
    
    吴梅词学通论;吴梅中国戏曲概论/吴梅著.-长春:吉林人民出版社,2013
    321页;24cm
    中国学术文化名著文库/胡维革主编
    
    ISBN 978-7-206-08320-4:CNY38.00
    本书中《词学通论》内容包括论韵、论音律、作法等;《中国戏曲概论》包括原曲、制曲、度曲、元明清戏曲等。
●
相关链接 在E读中查询图书 在五车中查询图书 在当当中查询图书 在豆瓣中查询图书


正题名:吴梅词学通论     索取号:I207.23/876         预约/预借

序号 登录号 条形码 馆藏地/架位号 状态 备注
1 863705   208637055   第一样本阅览室/ [索取号:I207.23/876] 在馆    
2 863706   208637064   第二借阅区/ [索取号:I207.23/876] 在馆    
3 863707   208637073   第二借阅区/ [索取号:I207.23/876] 在馆    
4 863708   208637082   第二借阅区/ [索取号:I207.23/876] 在馆    
唐山师范学院图书馆 欢迎您!
大连网信软件有限公司© 版权所有